000 nam a22 7a 4500
999 _c7551
_d7551
008 170921b xxu||||| |||| 00| 0 eng d
100 _94072
_aKindersley.D.
245 _aDictionary of the Universe
260 _aUSA
_c1993